La diversificación de los estándares de prueba en el proceso penal / (Registro nro. 6096)
[ vista simple ]
| 000 -LEADER | |
|---|---|
| fixed length control field | 01125nab a22002297a 4500 |
| 003 - CONTROL NUMBER IDENTIFIER | |
| control field | OSt |
| 005 - DATE AND TIME OF LATEST TRANSACTION | |
| control field | 20260122071933.0 |
| 008 - FIXED-LENGTH DATA ELEMENTS--GENERAL INFORMATION | |
| fixed length control field | 190502c xxu||||| |||| 00| 0 spa d |
| 040 ## - CATALOGING SOURCE | |
| Transcribing agency | PJ |
| 100 ## - MAIN ENTRY--PERSONAL NAME | |
| Personal name | Garofalo, Giulio |
| 9 (RLIN) | 6865 |
| 245 13 - TITLE STATEMENT | |
| Title | La diversificación de los estándares de prueba en el proceso penal / |
| Statement of responsibility, etc | Giulio Garofalo. |
| 260 ## - PUBLICATION, DISTRIBUTION, ETC. (IMPRINT) | |
| Place of publication, distribution, etc | Ciudad Autónoma de Buenos Aires : |
| Name of publisher, distributor, etc | Thomson Reuters La Ley, |
| Date of publication, distribution, etc | 2024. |
| 300 ## - PHYSICAL DESCRIPTION | |
| Extent | p. 3-10 |
| 505 ## - FORMATTED CONTENTS NOTE | |
| Formatted contents note | Sumario: I. La condena “más allá de toda duda razonable” en el sistema italiano.— II. Estándar de prueba y contextos decisionales. El fumuscommissi delicti.— III. La duda razonable ante el desafío del anticognitivismo.<br/> |
| 505 ## - FORMATTED CONTENTS NOTE | |
| Formatted contents note | Fallo comentado: CCrim. 2a Nom., Catamarca, 15/03/2022. - F. M. C. V. |
| 505 ## - FORMATTED CONTENTS NOTE | |
| Title | ¿Te interesa el texto completo? Solicitalo al correo: koha@justierradelfuego.gov.ar |
| 650 #0 - SUBJECT ADDED ENTRY--TOPICAL TERM | |
| 9 (RLIN) | 343 |
| Topical term or geographic name as entry element | DERECHO PENAL |
| 650 #0 - SUBJECT ADDED ENTRY--TOPICAL TERM | |
| 9 (RLIN) | 2348 |
| Topical term or geographic name as entry element | PROCESO PENAL |
| 650 #0 - SUBJECT ADDED ENTRY--TOPICAL TERM | |
| 9 (RLIN) | 1975 |
| Topical term or geographic name as entry element | PRUEBA |
| 773 0# - HOST ITEM ENTRY | |
| Host Biblionumber | 2729 |
| Host Itemnumber | 3180 |
| Place, publisher, and date of publication | Buenos Aires : LexisNexis, 2006- |
| Title | Revista de derecho penal y procesal penal. Nº 11 - Noviembre 2024 |
| International Standard Book Number | 9875920622 |
| 942 ## - ADDED ENTRY ELEMENTS (KOHA) | |
| Source of classification or shelving scheme | |
| Koha item type | Analítica Artículo de Revista |
No hay ítems disponibles.
